Stars - Sudden Death - Statistics

General Stats
  • This quiz has been taken 31 times
  • The average score is 5 of 14
Answers on the Grid
Answers color-coded by a green-red scale on the quiz's grid according to % correct below.
Jupiter
Sun
Proxima Centauri
Polaris
Andromeda
Saturn
Virgo
Vega
Amalthea
Phoenix A*
Europa
Capella
Luna
Chi Draconis A
Quark Ordonix D
Tethys
Epsilon Ursae Minoris
Arcturus
Prometheus
Alnitak
Antares
Alcyone
Frozone
Atlas
Earth
Peacock
Alnair
Romulus
Aries
Haumea
 
Answer Stats
Answer % Correct
Polaris
81%
Proxima Centauri
76%
Sun
76%
Vega
48%
Antares
33%
Arcturus
33%
Capella
29%
Epsilon Ursae Minoris
29%
Alnair
24%
Chi Draconis A
24%
Alcyone
19%
Alnitak
14%
Atlas
14%
Peacock
5%
No matching quizzes found
Score Distribution
Percent of People with Each Score
Percentile by Number Answered
Your Score History
You have not taken this quiz